000 00390nam a2200157Ia 4500
008 230917s9999||||xx |||||||||||||| ||und||
020 _cRS80
040 _e38413
_aMAIN
041 _aEnglish
082 _a954.03 A48A
100 _aAhluwalia, B K
245 0 _aArchitects of swaraj
260 _aNew Delhi
_bIntellectual Publishing House
_c1982
300 _aviii, 194 p.
942 _cBK
999 _c230125
_d230125